000 00404pab a2200145 454500
008 180718b2012 xxu||||| |||| 00| 0 eng d
100 _aRogan, Mary
245 _aPrisoner's rights and the separation of powers: Comparing approaches in Ireland, Scotland and England and Wales
260 _c2012
300 _ap.415-425.
650 _aPrisoners
773 _aPublic Law
908 _aN
909 _a97501
999 _c97501
_d97501